Najpopularniejsze aplikacje na telefon - Statystyki

Ogólne statystyki
  • Ten quiz został rozwiązany 200 razy
  • Średni wynik to 4 z 7
Statystyki odpowiedzi
Popularność Odpowiedź % Poprawnych
4. 5mld Facebook
94%
6. 5mld Messenger
77%
2. 10mld YouTube
70%
7. 5mld Instagram
57%
3. 5mld Whatsapp
52%
1. 10mld Google Chrome
14%
5. 5mld Wiadomości
6%
Nie znaleziono quizów pasujących do podanych kryteriów
Rozkład punktacji
Procent ludzi z każdym wynikiem
Percentyl według liczby udzielonych odpowiedzi
Twoja historia wyników
Nie rozwiązałeś tego quizu